[Event "AUTO-OPEN-532"]
[Site "http://www.queenalice.com/game.php?id=159680"]
[Date "2007.1.27"]
[Round "1"]
[White "WOTE"]
[Black "ocarrasco"]
[Result "1-0"]
[WhiteElo "1314"]
[BlackElo "1832"]

1. e4 c5 2. Nf3 d6 3. Bb5+ Bd7 4. Bxd7+ Nxd7 5. O-O g6 6. d4 Bg7 7. c4 cxd4 8.
Nxd4 Ngf6 9. Nc3 O-O 10. Be3 Ng4 11. Qxg4 Ne5 12. Qh3 Nxc4 13. Ne6 fxe6 14.
Qxe6+ Kh8 15. Qxc4 Rc8 16. Qd3 Qa5 17. Bd4 e5 18. Be3 Rcd8 19. Nd5 Rd7 20. b4
Qa6 21. Qxa6 bxa6 22. Rac1 Rb7 23. Rc7 Rxc7 24. Nxc7 Rc8 25. Nxa6 Rc2 26. a4 Ra2
27. a5 Kg8 28. Bxa7 Rc2 29. b5 Ra2 30. Bb6 Rb2 31. Nc7 1-0

[Event "AUTO-OPEN-532"]
[Site "http://www.queenalice.com/game.php?id=159681"]
[Date "2007.1.27"]
[Round "1"]
[White "ocarrasco"]
[Black "WOTE"]
[Result "0-1"]
[WhiteElo "1809"]
[BlackElo "1314"]

1. e4 c5 2. Nf3 d6 3. d4 Nc6 4. Bb5 Bd7 5. O-O e6 6. d5 Nb4 7. Bxd7+ Qxd7 8.
dxe6 fxe6 9. Nc3 O-O-O 10. a3 Nc6 11. Bf4 Nf6 12. e5 Ng4 13. exd6 e5 14. Bg5 Nf6
15. Nd5 Bxd6 16. Nxf6 gxf6 17. Bxf6 Rhg8 18. Bxd8 Nxd8 19. Qd5 Nf7 20. Rfd1 e4
21. Ne5 Rxg2+ 22. Kxg2 Nxe5 23. Qxd6 Qg4+ 24. Kf1 Qh3+ 25. Ke1 Nf3+ 26. Ke2 Nd4+
27. Kd2 e3+ 28. fxe3 Qg2+ 29. Kd3 Qxc2# 0-1

[Event "AUTO-OPEN-532"]
[Site "http://www.queenalice.com/game.php?id=159682"]
[Date "2007.1.27"]
[Round "1"]
[White "WOTE"]
[Black "extinsion_extelar"]
[Result "0-1"]
[WhiteElo "1300"]
[BlackElo "1870"]

1. e4 e5 2. Nf3 Nf6 3. Nc3 Bb4 4. Bc4 O-O 5. O-O Bxc3 6. dxc3 Nc6 7. Ng5 h6 8.
Nxf7 Rxf7 9. f4 d5 10. exd5 Na5 11. Qe2 Nxc4 12. Qxc4 Qxd5 13. Qe2 Bg4 14. Qd2
Qxd2 15. Bxd2 Rd8 16. fxe5 Rxd2 17. exf6 Rxc2 18. fxg7 Rxb2 19. Rae1 Rxf1+ 20.
Kxf1 Rxa2 21. Re7 b5 22. Rxc7 a5 23. Rb7 a4 24. Rxb5 Be2+ 0-1

[Event "AUTO-OPEN-532"]
[Site "http://www.queenalice.com/game.php?id=159683"]
[Date "2007.1.27"]
[Round "1"]
[White "extinsion_extelar"]
[Black "WOTE"]
[Result "1/2-1/2"]
[WhiteElo "1867"]
[BlackElo "1300"]

1. e4 c5 2. Nf3 Nc6 3. d4 cxd4 4. Nxd4 Nxd4 5. Qxd4 e6 6. Nc3 Nf6 7. Be2 Be7 8.
e5 Nd5 9. Nxd5 exd5 10. Qxd5 O-O 11. Bd3 d6 12. O-O Be6 13. Qxb7 dxe5 14. Rd1 f5
15. Be3 Qe8 16. Bb5 Qf7 17. Bd7 Rad8 18. Bxe6 Qxe6 19. Bxa7 Bf6 20. Qb3 Qxb3 21.
axb3 e4 22. Rxd8 Rxd8 23. c3 Ra8 24. Ra3 Rd8 25. h3 Be5 26. g3 Rd2 27. Ra2 Bxc3
28. bxc3 Rxa2 29. Bd4 Kf7 30. Kg2 g6 31. b4 Ke6 32. b5 Kd7 33. b6 Kc6 34. h4 Rd2
35. h5 Rxd4 36. cxd4 Kxb6 37. hxg6 hxg6 38. f3 exf3+ 39. Kxf3 Kc6 40. Kf4 Kd5
41. Kg5 Kxd4 42. Kxg6 Ke4 43. Kg5 1/2-1/2

[Event "Challenge"]
[Site "http://www.queenalice.com/game.php?id=160353"]
[Date "2007.1.28"]
[Round "-"]
[White "WOTE"]
[Black "Dalri_Ultreya"]
[Result "0-1"]
[WhiteElo "1328"]
[BlackElo "1625"]

1. e4 e5 2. Nf3 Nc6 3. Bb5 Bd6 4. Bxc6 dxc6 5. O-O Nf6 6. d4 exd4 7. Nxd4 Nxe4
8. Re1 O-O 9. Rxe4 c5 10. Nb5 a6 11. Nxd6 cxd6 12. Nc3 Bf5 13. Rh4 Qxh4 14. Be3
Qf6 15. Qd2 Qg6 16. Ne2 Rad8 17. Nf4 Qf6 18. Nd5 Qxb2 19. Ne7+ Kh8 20. Re1 Qxc2
21. Qa5 Be6 22. Qc7 Rd7 23. Ng6+ fxg6 24. Qb6 Qxa2 25. h4 Rdf7 26. Qxd6 Rxf2 27.
Bxf2 Qxf2+ 28. Kh2 Qxh4+ 29. Kg1 Qxe1+ 30. Kh2 Rf6 31. Qb8+ Bg8 32. Qxb7 Rf1 33.
Kh3 Rh1+ 34. Kg4 Rg1 35. Qa8 h5+ 36. Kf4 Rf1+ 37. Qf3 Rxf3+ 38. Kxf3 c4 39. g4
c3 40. g5 Bd5+ 41. Kf4 Qe4+ 0-1

[Event "Challenge"]
[Site "http://www.queenalice.com/game.php?id=160501"]
[Date "2007.1.29"]
[Round "-"]
[White "queenhigh"]
[Black "WOTE"]
[Result "0-1"]
[WhiteElo "1100"]
[BlackElo "1100"]

1. e4 c5 2. Qf3 e6 3. Nh3 d5 4. Ng5 Qxg5 5. Bb5+ Nc6 6. Na3 c4 7. d3 Bxa3 8.
Bxg5 Be7 9. Bxe7 Nxe7 10. exd5 exd5 11. dxc4 O-O 12. cxd5 Nd4 13. Qd3 Nef5 0-1

[Event "REVANCHE"]
[Site "http://www.queenalice.com/game.php?id=232263"]
[Date "2007.6.29"]
[Round "-"]
[White "black_dama"]
[Black "WOTE"]
[Result "1-0"]
[WhiteElo "1907"]
[BlackElo "1314"]

1. c4 Nf6 2. Nc3 g6 3. d4 Bg7 4. e4 O-O 5. Be2 d6 6. Nf3 Nbd7 7. O-O e6 8. e5
Ng4 9. exd6 cxd6 10. h3 Ngf6 11. Bf4 Qb6 12. Na4 Qc6 13. Ng5 Nb6 14. Nxb6 axb6
15. a4 h6 16. Nf3 Nh5 17. Be3 e5 18. d5 Qc7 19. b4 e4 20. Nd4 Qe7 21. Bxh5 gxh5
22. Qxh5 Kh7 23. Nf5 Bxf5 24. Qxf5+ Kh8 25. Ra2 Rg8 26. Bxb6 Be5 27. f4 Bc3 28.
Qh5 Rg6 29. f5 Qe5 30. b5 Kh7 31. fxg6+ fxg6 32. Rf7+ Kg8 33. Qxg6+ Qg7 34.
Rxg7+ Bxg7 35. Bd4 1-0

[Event "Challenge"]
[Site "http://www.queenalice.com/game.php?id=233205"]
[Date "2007.7.1"]
[Round "-"]
[White "Denorwaygths"]
[Black "WOTE"]
[Result "1-0"]
[WhiteElo "1894"]
[BlackElo "1466"]

1. Nf3 Nc6 2. Nc3 Nf6 3. d4 e6 4. e4 Bb4 5. Bd2 Bxc3 6. Bxc3 d5 7. exd5 Qxd5 8.
Qd3 Bd7 9. O-O-O O-O-O 10. Kb1 Ne4 11. Qe2 Nxc3+ 12. bxc3 Na5 13. c4 Qc6 14. Ne5
Qb6+ 15. Kc1 Rhf8 16. Qd2 Ba4 17. c5 Qxc5 18. dxc5 Rxd2 19. Rxd2 f6 20. Nf3 c6
21. Rd4 Bb5 22. Bxb5 cxb5 23. Rhd1 Nc6 24. Rd7 Rg8 25. R7d6 e5 26. Nh4 g6 27.
Rxf6 Nd4 28. Rf7 Rd8 29. Kb2 g5 30. Nf5 Nxf5 31. Rxd8+ Kxd8 32. Rxf5 1-0

[Event "Challenge"]
[Site "http://www.queenalice.com/game.php?id=254353"]
[Date "2007.8.11"]
[Round "-"]
[White "Querubim"]
[Black "WOTE"]
[Result "0-1"]
[WhiteElo "1131"]
[BlackElo "1314"]

1. d4 d5 2. Nf3 e6 3. Nc3 Bb4 4. e3 Nf6 5. Bd3 Nc6 6. O-O Bxc3 7. bxc3 O-O 8.
Ba3 Ne7 9. Bb5 c6 10. Bd3 Re8 11. Ne5 Ng6 12. Bxg6 fxg6 13. g4 b6 14. g5 Ne4 15.
Qd3 Qxg5+ 16. Kh1 a5 17. Nxc6 Ba6 18. c4 Bxc4 19. Rg1 Nxf2# 0-1

[Event "AUTO-INT-610"]
[Site "http://www.queenalice.com/game.php?id=269288"]
[Date "2007.9.9"]
[Round "1"]
[White "Danado"]
[Black "WOTE"]
[Result "0-1"]
[WhiteElo "1649"]
[BlackElo "1408"]

1. e4 c5 2. Nc3 e6 3. d4 d5 4. Nf3 dxe4 5. Nxe4 Nc6 6. Bb5 Qa5+ 7. Nc3 Bd7 8.
Bxc6 Bxc6 9. Ne5 Bxg2 10. Rg1 O-O-O 11. Rxg2 cxd4 12. Nc4 Qc7 13. Nb5 Qxc4 14.
Nxa7+ Kb8 15. b3 Bb4+ 16. Bd2 Bxd2+ 17. Qxd2 Qd5 18. Qg5 Kxa7 19. Qxd5 Rxd5 20.
Rxg7 Nh6 21. Rg3 Re5+ 22. Kf1 Rg8 23. Rd3 Rd5 24. Rad1 Nf5 25. c3 dxc3 26. Rxd5
exd5 27. Ke2 c2 28. Rc1 Nd4+ 29. Kd3 Nf3 30. Ke3 Rg1 31. Rxc2 Nxh2 32. Rc7 Re1+
33. Kf4 Re4+ 34. Kf5 h5 35. Rd7 Rd4 36. Ke5 Rd2 37. a4 d4 38. Rxf7 d3 39. Ke4
Rd1 40. Rd7 d2 41. Ke3 Nf1+ 42. Ke2 Re1+ 0-1

[Event "AUTO-INT-610"]
[Site "http://www.queenalice.com/game.php?id=269289"]
[Date "2007.9.9"]
[Round "1"]
[White "WOTE"]
[Black "Danado"]
[Result "1/2-1/2"]
[WhiteElo "1395"]
[BlackElo "1589"]

1. b3 Nc6 2. Bb2 Nf6 3. e3 e5 4. Nf3 d5 5. c4 dxc4 6. Bxc4 h6 7. O-O Bg4 8. h3
Bxf3 9. Qxf3 Bb4 10. d4 exd4 11. exd4 Nxd4 12. Qe3+ Ne6 13. Bxe6 fxe6 14. Qxe6+
Be7 15. Nc3 c6 16. Rad1 Qc8 17. Rfe1 Qxe6 18. Rxe6 Rd8 19. Rxd8+ Kxd8 20. Ne4
1/2-1/2

[Event "AUTO-INT-610"]
[Site "http://www.queenalice.com/game.php?id=269302"]
[Date "2007.9.9"]
[Round "1"]
[White "WOTE"]
[Black "rigler8"]
[Result "1-0"]
[WhiteElo "1448"]
[BlackElo "1351"]

1. b3 d5 2. Bb2 f6 3. e3 g6 4. c4 h5 5. f3 e5 6. cxd5 Qxd5 7. Bc4 Qc5 8. Ba3 Qb6
9. Nc3 Bxa3 10. Nd5 Qc5 11. Ne2 b5 12. Bxb5+ Nc6 13. Nxc7+ Kd8 14. Nxa8 Bb7 15.
Bxc6 Bxc6 16. Nc7 Kxc7 17. O-O Ne7 18. d4 Qd6 19. Qc2 exd4 20. Nxd4 Qe5 21. Rae1
h4 22. Nxc6 Nxc6 23. f4 Qh5 24. Qc3 h3 25. g3 Bb4 26. Qxf6 Rd8 27. Rc1 Rd6 28.
Qe7+ Rd7 29. Qxb4 Qe2 30. Rxc6+ Kxc6 31. Rc1+ Kd5 32. Qd4+ Ke6 33. Rc6+ Ke7 34.
Qf6+ Ke8 35. Re6+ Re7 36. Qxe7# 1-0

[Event "AUTO-INT-610"]
[Site "http://www.queenalice.com/game.php?id=269303"]
[Date "2007.9.9"]
[Round "1"]
[White "rigler8"]
[Black "WOTE"]
[Result "0-1"]
[WhiteElo "1294"]
[BlackElo "1333"]

1. e4 c5 2. c3 e6 3. f4 d5 4. exd5 exd5 5. Bb5+ Nc6 6. Qe2+ Be7 7. Nf3 Bd7 8.
O-O Nf6 9. Re1 O-O 10. Na3 c4 11. h3 Bc5+ 12. Kf1 Ne4 13. d3 Ng3# 0-1

[Event "Challenge"]
[Site "http://www.queenalice.com/game.php?id=302148"]
[Date "2007.11.11"]
[Round "-"]
[White "technicaldraw"]
[Black "WOTE"]
[Result "1-0"]
[WhiteElo "1996"]
[BlackElo "1466"]

1. e4 e6 2. d4 d5 3. Nc3 c5 4. exd5 exd5 5. Nf3 c4 6. g3 Bb4 7. Bg2 Bxc3+ 8.
bxc3 Bg4 9. O-O Ne7 10. Ba3 O-O 11. Re1 Nbc6 12. Qd2 Bxf3 13. Bxf3 1-0

[Event "Challenge"]
[Site "http://www.queenalice.com/game.php?id=302149"]
[Date "2007.11.11"]
[Round "-"]
[White "WOTE"]
[Black "technicaldraw"]
[Result "0-1"]
[WhiteElo "1466"]
[BlackElo "1998"]

1. b3 e5 2. Bb2 d6 3. c4 Nf6 4. Nc3 Nc6 5. e3 Be7 6. Nf3 O-O 7. d3 Bg4 8. Be2 a6
9. O-O Nd7 10. Nd5 f5 11. Nxe7+ Qxe7 0-1

[Event "AUTO-INT-610"]
[Site "http://www.queenalice.com/game.php?id=346535"]
[Date "2008.2.1"]
[Round "2"]
[White "wolfgang"]
[Black "WOTE"]
[Result "1-0"]
[WhiteElo "1632"]
[BlackElo "1429"]

1. e4 e6 2. d4 d5 3. exd5 Qxd5 4. Nc3 Bb4 5. Nf3 Nf6 6. Bd2 Bxc3 7. Bxc3 O-O 8.
b3 Nc6 9. Bc4 Qe4+ 10. Be2 e5 11. dxe5 Nd5 12. Bb2 Bf5 13. c4 Nf4 14. Kf1 1-0

[Event "AUTO-INT-610"]
[Site "http://www.queenalice.com/game.php?id=346536"]
[Date "2008.2.1"]
[Round "2"]
[White "WOTE"]
[Black "wolfgang"]
[Result "0-1"]
[WhiteElo "1438"]
[BlackElo "1623"]

1. b3 d5 2. Bb2 c5 3. e3 Nc6 4. Nf3 Nf6 5. c4 e6 6. cxd5 exd5 7. Bb5 Bd7 8. O-O
Be7 9. Nc3 a6 10. Bxc6 Bxc6 11. d4 O-O 12. Rc1 b6 13. dxc5 bxc5 14. Ng5 h6 0-1